00456nam a22001577a 450000500170000001000150001702000240003203500140005603700130007008200100008310000190009324500460011226000380015827000730019630000290026920190128155326.0 aENG-124667 a97893893941c650.00 aEN-108199 bDBAD/PUB a650.1 aBarman, Gaurav aNavigating your career/cby Gaurav Barman aAllahabadbSanket Prakashanc2018 a5, Upendra Nath Ashk Marg, Old Khusro Bagh Road, bAllahabade211001 a184p. c21cm.(pbk)bill.